000 00427nam a2200157Ia 4500
008 210707s1984 xx 000 0 und d
041 _aeng
082 _a582.13 COVW
100 _aCOVENTRY (B O)
245 _aWild flowers of Kashmir. Series I, II and III.
260 _aDehra Dun
_bBishen Singh Mahendra Pal Singh
_c1984
300 _axix100,xxix p
563 _aHB
650 _aBotany
906 _aWild Flowers, Kashmir
999 _c180421
_d180421